| 000 -УДИРДЛАГА |
| Удирдлага |
02553nam a2200409 4500 |
| 003 - ХЯНАЛТЫН ТОО ТОДОРХОЙЛОГЧ |
| Код |
MN-UlNUM |
| 005 - БИЧИЛТ ХИЙСЭН ОГНОО |
| Тухайн бичилтийг бичсэн засварласан сүүлийн огноо |
20251003113831.0 |
| 008 - ЕРӨНХИЙ МЭДЭЭЛЭЛ |
| Ерөнхий мэдээлэл |
251002s2002 nyuab||b |||| 001 | eng d |
| 020 ## - ISBN |
| ISBN |
1588390713 |
| -- |
1588390721 |
| -- |
0300096917 |
| 040 ## - БИЧЛЭГ ҮҮСГЭГЧ БАЙГУУЛЛАГА |
| Бичлэг үүсгэгч номын сангийн код |
МУИС-ийн номын сан |
| 084 ## - ББК АНГИЛАЛ |
| Нэмэлт тусгалт |
Нэг сэдэвт бүтээл |
| Мэдлэгийн ялгаа |
63 - Түүх |
| ББК ангилал |
63.3(1) |
| Зохиогчийн гурван тэмдэгт |
L 49 |
| 240 ## - Шифр - Номын наалт, тайланд хэрэглэх |
| Ангилалын дугаар /Зохиогчийн 3 тэмдэгт |
63.3(1) L 49 |
| 245 ## - ҮНДСЭН ГАРЧИГ |
| Номын нэр |
The Legace of Genghis Khan |
| Бага гарчгийн мэдээ |
Courtly Art and Culture in Western Asia, 1256-1353 |
| Оролцогчдын тухай мэдээ |
Edited by Linda Komaroff, Stefano Carboni |
| 260 ## - ГАРАЛТЫН МЭДЭЭ |
| Хэвлэгдсэн газар |
New York |
| Хэвлэлийн газар |
Metropolitan Museum of Art |
| Хэвлэгдсэн он |
2002 |
| 300 ## - МАТЕРИАЛЫН ТОДОРХОЙЛОЛТ |
| хуудасны тоо |
xiv, 322 p. : |
| Бусад тоон мэдээлэл |
ill. (chiefly col.), maps (some col.) ; |
| Хэмжээ |
31 cm |
| 500 ## - Тайлбар |
| Дансны дугаар |
ГФ 20849 |
| 505 ## - Агуулгын тэмдэглэгээ |
| Агуулгын тэмдэглэгээ |
Komaroff (curator of Islamic Art, Los Angeles County Museum of Art) and Carboni (curator of Islamic Art, Metropolitan Museum of Art) produced this fine catalog to accompany a major show of Ilkhanid (as the Mongol dynasty was called after conversion to Islam) art exhibited at the authors' museums in New York and Los Angeles in 2002-2003. Most of the manuscripts, metalwork, textiles, ceramics, and other finely decorated objects were created in Iran. Many objects are also included from the Yuan Dynasty in China, during which the Mongols ruled. Eight full-length essays are built around the objects of the exhibition and other works, all depicted in color. The essays describe the history, culture, courtly life, artistic exchanges, religious art, arts of the book, and creation of a new visual language. |
| 546 ## - ХЭЛНИЙ ТУХАЙ МЭДЭЭ |
| Хэл |
Англи хэл дээр, |
| 653 ## - Түлхүүр үг |
| Түлхүүр үг |
history |
| 653 ## - Түлхүүр үг |
| Түлхүүр үг |
history of Mongolia |
| 653 ## - Түлхүүр үг |
| Түлхүүр үг |
Genghis Khan |
| 740 ## - НОМЫН ГАРЧИГ |
| Гарчиг |
Introduction: On the Eve of the Mongol Conquest Linda Komaroff and Stefano Carboni Map of the Mongol Empire |
| 740 ## - НОМЫН ГАРЧИГ |
| Гарчиг |
Map of Greater Iran |
| 740 ## - НОМЫН ГАРЧИГ |
| Гарчиг |
Genealogy of the Mongol Khans |
| 740 ## - НОМЫН ГАРЧИГ |
| Гарчиг |
The Mongols and Their Legacy Morris Rossabi |
| 740 ## - НОМЫН ГАРЧИГ |
| Гарчиг |
The Mongols in Iran Charles Melville |
| 740 ## - НОМЫН ГАРЧИГ |
| Гарчиг |
A Note on Artistic Exchanges in the Mongol Empire James C. Y. Watt |
| 740 ## - НОМЫН ГАРЧИГ |
| Гарчиг |
Ilkhanid Courtly Life Tomoko Masuya |
| 740 ## - НОМЫН ГАРЧИГ |
| Гарчиг |
The Religious Art of the Ilkhanids Sheila Blair |
| 740 ## - НОМЫН ГАРЧИГ |
| Гарчиг |
The Arts of the Book in Ilkhanid Iran Robert Hillenbrand |
| 740 ## - НОМЫН ГАРЧИГ |
| Гарчиг |
The Transmission and Dissemination of a New Visual Language Linda Komaroff |
| 740 ## - НОМЫН ГАРЧИГ |
| Гарчиг |
Synthesis: Continuity and Innovation in Ilkhanid Art Stefano Carboni |
| 740 ## - НОМЫН ГАРЧИГ |
| Гарчиг |
Technical Study 1: Close Examination of Leaves from the Great Mongol Shahnama Sarah Bertalan |
| 740 ## - НОМЫН ГАРЧИГ |
| Гарчиг |
Technical Study 2: The Glazed Press-Molded Tiles of Takht-i Sulaiman |
| 942 ## - ЭЛЕМЕНТИЙН ТӨРӨЛ |
| Зүйлийн төрөл |
Ном |